Moliére : Stage and Study

Guardat en:
Dades bibliogràfiques
Format: Llibre
Idioma:Undetermined
Publicat: Gran Bretaña Oxford 1973
Matèries:
Etiquetes: Afegir etiqueta
Sense etiquetes, Sigues el primer a etiquetar aquest registre!

MARC

LEADER 00000nam a2200000Ia 4500
008 170316s9999 xx 000 0 und d
040 |a cru BVZT 
090 |a C-840 M-9m 
245 |a Moliére : Stage and Study 
260 |a Gran Bretaña 
260 |b Oxford 
260 |c 1973 
300 |a 293 páginas 
650 |a LITERATURA FRANCESA 
650 |a CRÍTICA 
999 |c 13009  |d 13009 
942 |c 15 D  |h C-840 M-9m  |2 z